[Event "FIDE World Uni Blitz-D 1st"]
[Site "Tornelo INT"]
[Date "2021.03.13"]
[Round "2.21"]
[White "Morado, Jeth Romy"]
[Black "Hernandez Rendon, Carlos A"]
[Result "1-0"]
[WhiteElo "2243"]
[BlackElo "1838"]
[PlyCount "61"]
[EventDate "2021.03.13"]
[EventType "swiss (blitz)"]
[EventRounds "10"]
[EventCountry "NET"]
[SourceTitle "EXT 2022"]
[Source "ChessBase"]
[SourceDate "2021.10.06"]
[SourceVersion "1"]
[SourceVersionDate "2021.10.06"]
[SourceQuality "1"]

1. d4 Nf6 2. Bf4 c5 3. c3 g6 4. e3 Bg7 5. Nf3 0-0 6. Be2 d6 7. h3 b6 8. 0-0 Bb7 9. a4 Nbd7 10. a5 bxa5 11. Qa4 Qb6 12. Bb5 Rfd8 13. Qxa5 Bxf3 14. gxf3 Rab8 15. Qxb6 Rxb6 16. c4 Nh5 17. Bg5 f6 18. Bh4 Rb7 19. Nc3 cxd4 20. exd4 Nb6 21. Rfe1 e5 22. c5 dxc5 23. dxc5 Nc8 24. c6 Rc7 25. Rad1 Rxd1 26. Rxd1 Bf8 27. Rd8 Nd6 28. Ba4 g5 29. Nd5 Rc8 30. Ne7+ Kf7 31. Nxc8 1-0

[Event "FISU World University"]
[Site "Tornelo INT"]
[Date "2020.10.28"]
[Round "7.18"]
[White "Alboredo, Julia"]
[Black "Hernandez Rendon, Carlos A"]
[Result "1-0"]
[WhiteElo "2182"]
[BlackElo "1838"]
[PlyCount "71"]
[EventDate "2020.10.26"]
[EventType "team-swiss (rapid)"]
[EventRounds "9"]
[EventCountry "NET"]
[SourceTitle "CBM 199 Extra"]
[Source "ChessBase"]
[SourceDate "2021.01.31"]
[SourceVersion "1"]
[SourceVersionDate "2021.01.31"]
[SourceQuality "1"]
[WhiteTeam "Brazil"]
[BlackTeam "Mexico V"]
[WhiteTeamCountry "BRA"]
[BlackTeamCountry "MEX"]

1. e4 c5 2. Nf3 d6 3. d4 cxd4 4. Nxd4 Nf6 5. Nc3 a6 6. a3 e6 7. Bc4 Be7 8. Ba2 0-0 9. 0-0 Bd7 10. Be3 Nc6 11. f4 Qc7 12. h3 Rac8 13. f5 e5 14. Nf3 Na5 15. g4 Nc4 16. Bxc4 Qxc4 17. Nd2 Qc6 18. g5 Ne8 19. Nd5 Bd8 20. c4 Nc7 21. Nb4 Qa4 22. b3 Qa5 23. Qh5 d5 24. exd5 Be7 25. f6 Bc5 26. Qf3 g6 27. Ne4 Bxe3+ 28. Qxe3 Ne8 29. Qg3 Qc7 30. c5 a5 31. d6 Qd8 32. Nd5 Kh8 33. Ne7 Rb8 34. h4 Bc6 35. Qxe5 Qd7 36. Nxc6 1-0